Правен режим на обществените поръчки по ЗОП (Запис номер 347530)
[ съкратено ]
| 000 -Лидер | |
|---|---|
| Контролно поле с фиксирана дължина | 01641nam a2200337 c 4500 |
| 003 - Код на организацията, давaща контролен номер | |
| Контролно поле | BLK |
| 005 - Дата и час на последна редакция | |
| Контролно поле | 20221208030939.0 |
| 008 - Елементи от данни с фиксирана дължина | |
| fixed length control field | 180411b bul|||||r ||||||| ||bul|| |
| 010 ## - Наследен системен номер | |
| LC control number | KNG00215086000 |
| 020 ## - Международен стандартен номер на книга ISBN | |
| Международен стандартен номер на книга ISBN | 9789542830290 |
| 040 ## - Източник на каталожния запис | |
| Идентификатор на билиотеката - собственик на записа | BLK |
| 041 ## - Код за език | |
| Код за езика на текст/звукозапис или на отделно заглавие | Български |
| Код за езика КДБФ | Български |
| 072 #7 - Код за тематичната категория | |
| Код организация | bullib |
| Код за тематична категория | Н34 |
| Текст | Право Н |
| 080 ## - УДК | |
| Текстов определител УДК | Спец. договори. Продажба, отстъпване, купуване, смяна, размяна, наемане, аренда, даване под наем, рента, залог. Коцесии(правен аспект). Обществени поръчки, лизинг, концесии(договори) |
| УДК код - определител по УДК | 347.45/.47 |
| УДК определител | (497.2)(075.8) |
| УДК - код + определител | 347.45/.47(497.2)(075.8) |
| 100 ## - Редна дума - Автор | |
| Автор | Илиева, Антония Георгиева |
| Авторска отговорност | първи автор |
| R(LIN) | 401586 |
| 139 ## - Редно поле | |
| Редна дума | Илиева, Антония Георгиева и др. |
| Авторски знак | Илие - И 52 |
| 245 10 - Сведения за заглавието | |
| Заглавие | Правен режим на обществените поръчки по ЗОП |
| Подзаглавни данни | Ръководство за студенти и практици |
| Редно поле (дума) | Антония Георгиева Илиева; Пенчо Пламенов Станкулов. |
| 257 ## - Страна на издаване | |
| Страна на създаване/издаване | България |
| 260 ## - Област на издателските данни | |
| Име на издателя, разпространителя и проч. | Сиела Норма |
| Година на издаване | 2019 |
| 9 (RLIN) | 217021 |
| Място на издаване, разпространение и проч. | София |
| Издателство - префикс ISBN | 978-954-28- |
| 300 ## - Физическа характеристика | |
| Страници | 488 с. |
| Размери/Мащаб | 23 см |
| 380 ## - Жанр | |
| Жанр | Обществени науки |
| 650 #4 - Допълнително описание по предмет – тема | |
| Основно описание – тема или топоним | Обществени поръчки |
| 9 (RLIN) | 295079 |
| 653 #7 - Ключова дума – ненормативна | |
| Ключова дума | обществени поръчки |
| 9 (RLIN) | 192603 |
| 653 #0 - Ключова дума – ненормативна | |
| Ключова дума | Закон за обществените поръчки |
| 9 (RLIN) | 401587 |
| 659 ## - Тематичен бюлетин | |
| Тематичен бюлетин | Н |
| 700 ## - Други автори (авторска отговорност) | |
| Лично име | Станкулов, Пенчо Пламенов |
| Автороска отговорност (Описва отношението между автора и произведението) | съавт. |
| 9 (RLIN) | 1445 |
| 856 4# - Електронен адрес и достъп | |
| Електронен формат | pdf - файл |
| 856 4# - Електронен адрес и достъп | |
| Електронен формат | pdf - файл |
| 999 ## - СИСТЕМНИ КОНТРОЛНИ НОМЕРА | |
| Koha biblionumber | 347530 |
| Koha biblioitemnumber | 347530 |
| 942 ## - АРТИКУЛИ | |
| Вид на библиотечния материал | Книги |
| Скрит в OPAC | Не |
| Периодичен библиозапис | Да |
| 944 ## - СЪЗДАВАНЕ И РЕДАКЦИЯ на ЗАПИСА | |
| Създаване/Редакция | Създаване |
| Дата на регистрацията/редакция | 20.12.2017 |
| Служител, извършил регистрацията/редакцията | Виолета_Тройчева |
| 944 ## - СЪЗДАВАНЕ И РЕДАКЦИЯ на ЗАПИСА | |
| Създаване/Редакция | Редакция |
| Дата на регистрацията/редакция | 07.02.2018 |
| Служител, извършил регистрацията/редакцията | Грета_Цуфелде |
| 999 ## - СИСТЕМНИ КОНТРОЛНИ НОМЕРА | |
| Koha biblioitemnumber | 347530 |
| 999 ## - СИСТЕМНИ КОНТРОЛНИ НОМЕРА | |
| Koha biblioitemnumber | 205480 |
| Код за отписване | Код за изгубен артикул | Източник на класификационната схема | Код за повреда | Коз за рестрикции | Код за отдаване | Артикулен № | Име на библиотеката - собственик | Име на библиотеката, в която се намира в момента | Статус (Текущо местоположение) | Дата на вписване в системата | Местоположение - отдел | Цена в лева | Систематично азбучна сигнатура | Баркод | Цена в евро | Служебен тип на артикула |
|---|---|---|---|---|---|---|---|---|---|---|---|---|---|---|---|---|
| Не е изгубен | Universal Decimal Classification | Не е повреден | само за читалня | ползва се в читалня | 753394 | Регионална библиотека "Любен Каравелов" Русе | Регионална библиотека "Любен Каравелов" Русе | Читалня | 2020-01-09 | Читалня | 18.75 | Ч 347/И 52 | 120000841027 | 9.59 | Книги |